000 00439cam a2200181ua 4500
020 _c1.40
041 _amal
_h
082 _a574.1926
_bVIT/BA
100 _aBalasundara, Rao .
245 _aVitaminukal, Part 2 /
_cBalasundara Rao.
_hTextual Documents
250 _a1 /
_b.
260 _aKodungallur :
_bKerala Book House ,
_c1966.
300 _a104 ; .
365 _a1.40
504 _a
942 _cBK
999 _c6625
_d6625